Logic circuits /

Bibliographic Details
Main Author: Morris, Noel M. (Noel Malcolm), 1929-
Format: Book
Language:English
Published: London ; New York : McGraw Hill, [1976]
Edition:2d ed.
Subjects:

MARC

Tag First Indicator Second Indicator Subfields
LEADER 00000pam a2200000 i 4500
001 in00000604321
005 20151014103542.0
008 760227s1976 enka b 00110 eng
010 |a  76005876  
020 |a 0070840660 
035 |a (OCoLC)02089461 
035 |9 ACR7497AM 
040 |a DLC  |c DLC  |d TXA  |d UtOrBLW 
049 |a TXAM  |c [1474362] 
050 0 0 |a TK7868.L6  |b M67 1976 
082 0 |a 621.381/537 
100 1 |a Morris, Noel M.  |q (Noel Malcolm),  |d 1929- 
245 1 0 |a Logic circuits /  |c Noel M. Morris. 
250 |a 2d ed. 
264 1 |a London ;  |a New York :  |b McGraw Hill,  |c [1976] 
264 4 |c ©1976 
300 |a xiii, 221 pages :  |b illustrations ;  |c 23 cm. 
336 |a text  |b txt  |2 rdacontent 
337 |a unmediated  |b n  |2 rdamedia 
338 |a volume  |b nc  |2 rdacarrier 
500 |a Includes index. 
504 |a Bibliography: page 215. 
650 0 |a Logic circuits. 
650 0 |a Digital electronics. 
999 |a MARS 
999 f f |s d0b8f7c9-ed36-3b63-a8a4-8b29a7fa6f8e  |i 66f5344b-c44c-3550-9a2e-b1ca6cf416ec  |t 0 
952 f f |p normal  |a Texas A&M University  |b College Station  |c Sterling C. Evans Library  |d Evans: Library Stacks  |t 0  |e TK7868.L6 M67 1976  |h Library of Congress classification  |i unmediated -- volume  |m A14805497584 
998 f f |a TK7868.L6 M67 1976  |t 0  |l Evans: Library Stacks